Men's Pan-American Volleyball Cup Top 4 Positions - Statistics

General Stats
  • This quiz has been taken 50 times
  • The average score is 8 of 10
Answer Stats
Winner % Correct
United States
98%
Brazil
96%
Canada
96%
Cuba
93%
Mexico
89%
Argentina
87%
Chile
80%
Dominican Republic
73%
Venezuela
71%
Puerto Rico
62%
No matching quizzes found
Score Distribution
Percent of People with Each Score
Percentile by Number Answered
Your Score History
You have not taken this quiz